000 01078nam a22003377a 4500
003 CHAP
005 20220329134839.0
008 971013s1988 r 00010 d
010 _a26885
011 _a27857
035 _a31958
040 _cCHAP
090 _aFolleto 12255
100 0 0 _aKatz, Isaac.
_962804
245 _aPolíticas de inversión y crédito en México, 1980-1987
260 _aMéxico, D. F. :
_bFundación Friedrich Ebert,
_c1988
300 _a42 p.
490 _aEconomics. Working paper
590 _aBATCH-UPD
_b10
_c20130110
_lUCH01
_h0950
590 _aBATCH-UPD
_b10
_c20130410
_lUCH01
_h0604
590 _aBATCH-UPD
_b10
_c20130914
_lUCH01
_h1059
590 _aCONVERSION
_b10
_c20130109
_lUCH01
_h1315
650 1 4 _aCrédito
_xMéxico.
_929018
650 1 4 _aInversiones extranjeras
_xMéxico.
_960200
650 1 4 _aInversiones
_zMéxico.
_960189
650 1 4 _aPolítica económica
_zMéxico.
_990535
830 0 _aEconomics. Working paper
_935222
901 _aBK
942 _cFOLL
949 _aFolleto 12255
_bBC
_cFOLL
_d-74017
_eTS1
_i31958
_mD.
_si
999 _c26885
_d26885